banner-ar

CHUANG - TZU: A NEW SELECTED TRANSLATION WITH AN EXPOSITION OF THE PHILOSOPHY OF KUO HSIANG / (Record no. 15234)

MARC details
000 -الفاتح
حقل البيانات ثابتة الطول 00530nam a2200181Ia 4500
008 - عناصر البيانات ثابتة الطول - معلومات عامة
حقل البيانات ثابتة الطول 140319s9999 xx 000 0 eng d
040 ## - مصدر الفهرسة
وكالة الفهرسة الأصلية GCL /
وكالة النسخ GCL
082 04 - رقم تصنيف ديوى العشرى
رقم التصنيف 181.11
رقم المادة Y C
100 1# - المدخل الرئيسى - إسم شخصى
الإسم الشخصى YU-LAN, FUNG
245 10 - بيان العنوان
العنوان CHUANG - TZU: A NEW SELECTED TRANSLATION WITH AN EXPOSITION OF THE PHILOSOPHY OF KUO HSIANG /
بيان المسئوليه,etc YU-LAN, FUNG
260 ## - PUBLICATION, DISTRIBUTION, ETC. (IMPRINT)
تاريخ النشر أو التوزيع 1989
300 ## - الوصف المادى
التعداد 150 P
650 04 - المدخل الاضافى بالموضوع-مصطلح موضوعى
مصطلح موضوعي PHILOSOPHY
650 04 - المدخل الاضافى بالموضوع-مصطلح موضوعى
مصطلح موضوعي CHINA - PHILOSOHPY
650 04 - المدخل الاضافى بالموضوع-مصطلح موضوعى
مصطلح موضوعي KUO, HSIANG
942 ## - عناصر المدخل الإضافي( كوها)
مصدر التصنيف او مخطط الترفيف Dewey Decimal Classification
Koha [default] item type كتاب
260 ## - PUBLICATION, DISTRIBUTION, ETC. (IMPRINT)
-- [S.N] :
-- FOREIGN LANGUAGES PRESS ،
Holdings
حالة التراجع حالة الفقد حالة تلف ليس للاعارة المكان المؤقت الموقع الحالى تاريخ الاكتساب اجمالي اﻻعارات رقم الطلب الباركود تاريخ اخر مشاهدة تاريخ تفعيل السعر نوع وعاء كوها
        مكتبة القاهرة الكبرى مكتبة القاهرة الكبرى 03/26/2014   181.11\Y C 28296 03/26/2014 03/26/2014 كتاب

Powered By

EGPV